Industrial Relations Trade Unions and labour Legislation (Record no. 2735)

MARC details
000 -LEADER
fixed length control field 00446nam a22001697a 4500
005 - DATE AND TIME OF LATEST TRANSACTION
control field 20210927141802.0
008 - FIXED-LENGTH DATA ELEMENTS--GENERAL INFORMATION
fixed length control field 160615b xxu||||| |||| 00| 0 eng d
020 ## - INTERNATIONAL STANDARD BOOK NUMBER
ISBN 81-297-0287-X
041 ## - LANGUAGE CODE
Language code of text/sound track or separate title eng
082 ## - DEWEY DECIMAL CLASSIFICATION NUMBER
Item number 7661
Classification number 331
100 ## - MAIN ENTRY--AUTHOR NAME
Personal name Sinha, PRN & Others
245 ## - TITLE STATEMENT
Title Industrial Relations Trade Unions and labour Legislation
260 ## - PUBLICATION, DISTRIBUTION, ETC. (IMPRINT)
Place of publication Delhi
Name of publisher pearson education
Year of publication 2004
300 ## - PHYSICAL DESCRIPTION
Number of Pages 617
650 ## - SUBJECT ADDED ENTRY--TOPICAL TERM
Topical Term Management
942 ## - ADDED ENTRY ELEMENTS (KOHA)
Koha item type Books
Holdings
Lost status Damaged status Collection code Home library Current library Shelving location Date acquired Cost, normal purchase price Full call number Accession Number Koha item type
    MANAGEMENT JRU Library JRU Library SHELF-72-E 15/06/2016 275.00 331 7661 Books
    MANAGEMENT JRU Library JRU Library SHELF-72-E 15/06/2016 275.00 331 7662 Books